|
|
|
|
| LEADER |
00000nkm a2200000 a 4500 |
| 001 |
vtls011842771 |
| 003 |
SK-MaSNL |
| 005 |
20260512125335.0 |
| 007 |
kp ao |
| 008 |
230718q1905 xr g kucze |
| 015 |
|
|
|a SNBG
|
| 035 |
|
|
|a urn:nbn:sk:snk-km00dvz1
|
| 035 |
|
|
|a urn:nbn:sk:snk-km3ls2z
|
| 035 |
|
|
|a B920787C-41AE-4506-ACA8-AC0EC33AB056
|
| 040 |
|
|
|a SNK
|b slo
|c SNK
|e AACR2
|
| 041 |
0 |
|
|a cze
|
| 043 |
|
|
|a e-xo---
|
| 044 |
|
|
|a xr
|c Cz
|
| 072 |
|
7 |
|a 913
|x Regionálna geografia
|2 konspekt
|
| 080 |
|
|
|a 913(437.6)
|2 2011
|
| 080 |
|
|
|a 728.1-027.61
|2 2011
|
| 080 |
|
|
|a (084.121)
|2 2011
|
| 245 |
0 |
0 |
|a Rodný domek generála Štefánika v Košariskách
|h grafika
|
| 260 |
|
|
|a Praha
|b Slavia
|c [medzi 1905 a 1930?]
|
| 300 |
|
|
|a 1 pohľadnica
|b tónovaná do hneda
|c 9 x 14 cm
|
| 500 |
|
|
|a Na pohľadnici uvedené: "Officielní dopisnice pomocného výboru legionářského při ministerstvu nár. obrany Praha-I., 80."
|
| 520 |
8 |
|
|a Zobrazenie: Pohľad na dav ľudí zoradených v jednom rade vedľa seba pred rodným domom M. R. Štefánika. Vľavo za ľudmi vidno vysoký listantý strom. Vpravo je nižší listnatý strom za radom ľudí. V popredí je prázdna cesta
|
| 650 |
0 |
7 |
|a rodné domy
|2 SNKPH
|9 91319
|
| 651 |
|
7 |
|a Košariská (Slovensko)
|2 SNKPHgeo
|9 75537
|
| 655 |
|
7 |
|a miestne pohľadnice
|2 SNKPH
|9 70510
|
| 852 |
|
|
|a Slovenská národná knižnica
|
| 954 |
|
|
|a pohľadnice pôvodné (slovenské)
|2 lita
|
| 954 |
|
|
|a pohľadnice cudzojazyčné (svetové)
|2 lita
|
| 958 |
|
|
|a OND
|
| 958 |
|
|
|a GBN
|
| 958 |
|
|
|a GC
|
| 958 |
|
|
|a EUIPO
|
| 999 |
|
|
|c 1031344
|d 1033274
|
| 952 |
|
|
|a SNK
|b SNK
|y PREZ
|7 0
|p 17A1285637
|o snkSP 83762
|0 0
|1 0
|4 0
|d 2019-02-25
|f 1
|l 0
|r 2026-02-24 13:54:28
|w 2026-02-24
|